City by old name - Statistics

General Stats
  • This quiz has been taken 12 times
  • The average score is 16 of 21
Answer Stats
old name new name % Correct
Bacatá (Colombia) Bogotá
91%
Bearbrass (Australia) Melbourne
91%
Bytown (Canada) Ottawa
91%
Lutetia (France) Paris
91%
Serdica (Bulgaria) Sofia
91%
Edo (Japan) Tokyo
91%
Turicum (Switzerland) Zurich
91%
Ikosium (Algeria) Algiers
82%
Peiping (China) Beijing
82%
Mont-Royal (Canada) Montréal
82%
Granville (Canada) Vancouver
82%
Malaca (Spain) Málaga
73%
Fort Rouillé (Canada) Toronto
73%
Agram (Croatia) Zagreb
73%
Malmhaugar (Sweden) Malmö
64%
Naniwa (Japan) Osaka
64%
Port Napoléon (Mauritius) Port Louis
64%
Bjørgvin (Norway) Bergen
55%
Pressburg (Slovakia) Bratislava
45%
Breslau (Poland) Wroclaw
45%
Cheju (South Korea) Jeju
36%
No matching quizzes found
Score Distribution
Percent of People with Each Score
Percentile by Number Answered
Your Score History
You have not taken this quiz